书目信息 |
| 题名: |
建筑室内细部设计
|
|
| 作者: | 朴正雄 译 | |
| 分册: | 02 办公空间I·II | |
| 出版信息: | 北京 中国林业出版社 2007 |
|
| 页数: | 175页 | |
| 开本: | 30cm | |
| 丛书名: | “建筑室内细部设计”系列 | |
| 单 册: | ||
| 中图分类: | TU238-64 , TU243-64 | |
| 科图分类: | ||
| 主题词: | 办公室--ban gong shi--室内设计--细部设计--图集 , 室内设计--shi nei she ji--细部设计--图集 | |
| 电子资源: | ||
| ISBN: | 7-5038-4567-8 | |
| 000 | 01237nam0 2200301 450 | |
| 001 | 003325001 | |
| 005 | 20081009103104.95 | |
| 010 | @a7-5038-4567-8@b精装@dCNY168.00 | |
| 100 | @a20060104d2007 em y0chiy0110 ea | |
| 101 | 1 | @achi@ceng |
| 102 | @aCN@b110000 | |
| 105 | @aa z 000yy | |
| 200 | 1 | @a建筑室内细部设计@Ajian zhu shi nei xi bu she ji@h02@i办公空间I·II@e[中英文本]@dInterior design detail@h02@iOffice I Office II@f朴正雄[等]翻译@g建筑世界·id+c《室内设计与装修》编@zeng |
| 210 | @a北京@c中国林业出版社@d2007 | |
| 215 | @a175页@c图@d30cm | |
| 225 | 2 | @a“建筑室内细部设计”系列@A“jian zhu shi nei xi bu she ji”xi lie |
| 304 | @a翻译还有: 尹凤铉、吕莲、纪亮、杜娟 | |
| 305 | @a经 Archiworld授权出版 | |
| 330 | @a本册书介绍了办公空间Ⅰ和Ⅱ的结构,平面、立面和剖面等各种细部资料,书中还刊登了大量和图纸相应的图片。 | |
| 410 | 0 | @12001 @a“建筑室内细部设计”系列 |
| 510 | 1 | @aInterior design detail@h02@iOffice I Office II@zeng |
| 606 | 0 | @a办公室@Aban gong shi@x室内设计@x细部设计@j图集 |
| 606 | 0 | @a室内设计@Ashi nei she ji@x细部设计@j图集 |
| 690 | @aTU238-64@v4 | |
| 690 | @aTU243-64@v4 | |
| 701 | 0 | @a朴正雄@Apu zheng xiong@4译 |
| 801 | @aCN@bMarcStudio@c20081009 | |
| 905 | @aZUCC@dTU238-64@eP828 | |
| 建筑室内细部设计.02.办公空间I·II:[中英文本]=Interior design detail.02.Office I Office II/朴正雄[等]翻译/建筑世界·id+c《室内设计与装修》编.-北京:中国林业出版社,2007 |
| 175页:图;30cm.-(“建筑室内细部设计”系列) |
| ISBN 7-5038-4567-8(精装):CNY168.00 |
| 本册书介绍了办公空间Ⅰ和Ⅱ的结构,平面、立面和剖面等各种细部资料,书中还刊登了大量和图纸相应的图片。 |
| ● |
| 相关链接 |
|
|
|
正题名:建筑室内细部设计
索取号:TU238-64/P828
 
预约/预借
| 序号 | 登录号 | 条形码 | 馆藏地/架位号 | 状态 | 备注 |
| 1 | 841502 | 208415026 | 建筑库101/101建筑库 54排3列2层/ [索取号:TU238-64/P828] | 在馆 | |
| 2 | 841503 | 208415035 | 建筑库101/ [索取号:TU238-64/P828] | 在馆 | |
| 3 | 841504 | 208415044 | 建筑库101/101建筑库 54排3列2层/ [索取号:TU238-64/P828] | 在馆 |